000 00822cam a2200217 i 4500
005 20251216114223.0
008 250721s1994 le gr 000 0 ara d
082 1 4 _a265.32
_bس ا ل
100 1 _aسالم، عبدالله نجيب
_eمؤلف.
245 1 2 _aالمراهقون :
_bظاهرة الإنحراف أسبابها وعلاجها /
_cعبد الله نجيب سالم.
250 _aالطبعة الأولى.
264 3 1 _aبيروت :
_bدار إبن حزم للطباعة والنشر،
_c1994.
264 3 1 _aالكويت :
_bدار حواء،
_c1994.
300 _a184 صفحة.
650 1 7 _aالفقه الإسلامي.
650 1 7 _aالمراهقون.
650 1 7 _aالأنباء.
650 1 7 _aالمسؤوليات الأسرية.
942 _2ddc
_cBK
999 _c81669
_d81669